| 000 | 00997nam a22003377a 4500 | ||
|---|---|---|---|
| 001 | 0004340 | ||
| 003 | KOHA_MİRAKIL | ||
| 005 | 20260207001408.0 | ||
| 007 | ta | ||
| 008 | 090505b1999 tu |||gr||||#||||0|tur | | ||
| 020 | _a9757337935 | ||
| 040 |
_aTR-BiSEU _btur _cTR-BiSEU _erda |
||
| 041 | 0 | _atur | |
| 044 | _ctu | ||
| 050 |
_aHF5549 _b.T87 1999 |
||
| 100 | 1 | _aTürkel, Asuman Uluçınar. | |
| 245 | 1 |
_aGloballeşen dünyanın lider yöneticilerine/ _cAsuman Uluçınar Türkel ; Asuman Uluçınar Türkel. |
|
| 264 | 1 |
_aİstanbul : _bTürkmen Kitabevi _c1999 |
|
| 300 | _aVII, 232 sayfa | ||
| 336 |
_ametin _btxt _2rdacontent |
||
| 337 |
_aaracısız _bn _2rdamedia |
||
| 338 |
_acilt _bnc _2rdacarrier |
||
| 490 | 1 |
_aYayın no ; _v132. |
|
| 490 | 1 |
_aEğitim dizisi ; _v28. |
|
| 500 | _aKaynakça var. | ||
| 650 | 0 |
_aPersonel yönetimi. _91680 |
|
| 650 | 0 |
_aYönetim. _93705 |
|
| 830 | 1 |
_aYayın no ; _v132. _91619 |
|
| 830 | 1 |
_aEğitim dizisi ; _v28. _94002 |
|
| 942 |
_2lcc _cBK |
||
| 999 |
_c4322 _d4322 |
||